000 00389nam a2200145Ia 4500
005 20250312060309.0
008 240331s9999 xx 000 0 und d
082 _bHAN
_a894
100 _aHaniffa,S.M
245 0 _aMaha kavi barathi
260 _aColombo
_bP.S. Sundaram & Sons
_c1988
300 _a40 p .,
500 _aBiography of the greatest modern Tamil poet, of children
942 _cL
999 _c4101
_d4101